000 00843nam a2200265Ia 4500
003 OSt
005 20220918171007.0
006 a|||||r|||| 00| 0
007 ta
008 220917b |||||||| |||| 00| 0 eng d
020 _a9781118647097 (pbk)
_c3468.69
024 _a287,013
037 _b387, 22/12/2015, Kiran Book Service
_cTextual
040 _aARTS
_cARTS
_beng
041 _2eng
_aeng
082 _aO111,1M88:g, Q4
100 _aChinitz David E. Ed.
_932947
245 0 _aCompanion to T. S. Eliot
260 _aWest Sussax
_b John Wiley & Sons UK
_c2014
300 _axv, 483p.
_ccm.
490 _aBlackwell companions to literature and culture
650 _aENGLISH LITERATURE
942 _hO111,1M88:g, Q4
_cTEXL
_2CC
999 _c137153
_d137153